LEADER 01007nam a2200253 i 4500 001 000000175098 003 CaOOAMICUS 005 20211011111430.0 008 081023s2006 it u000 u ita u 013 $a152575 040 $aSeMil$bita 100 1 $aMauri, Roberto.$0(OLS)http://semarc/name/65344 245 10$aCattolici e politica a Pioltello /$cRoberto Mauri. 264 1$a[S.l. :$bs.n.]$e([S.l.] :$fCama Grafiche,$gstampa 2006) 300 $a95 p. :$bill. ;$c21 cm. 500 $aA pič del front : Parrocchia S. Andrea - Pioltello. 650 4$aPioltello.$0(OLS)http://semarc/subject/8337 650 4$aPioltello - Politica - Cattolici.$0(OLS)http://semarc/subject/33412 850 $aSeMil 852 $aSeMil$W1$xVenegono$y1$m3P I 70$j125923$B125923$CSeMilBibl$Z2$F138591 $81 961 $aOmaggio: Monti don Eros 996 $6245$aCattolici e politica a Pioltello$9(OLS)http://semarc/title/251130 996 $6264$a[S.l. :$bs.n.]$9(OLS)http://semarc/publisher/29751 LEADER 00842nam a2200193 i 4500 001 000000055099 003 CaOOAMICUS 005 19970616000000.0 008 970616n xx u000 u spa u 013 $a26271 040 $aSeMil$bita 100 1 $aIturrioz, Daniel .$0(OLS)http://semarc/name/27586 245 13$aLa Definición del Concilio de Trento sobre la Causalidad de los Sacramentos. 650 4$aConcilio di Trento <1545-1563>.$0(OLS)http://semarc/subject/58 650 4$aSacramenti - Teologia - Storia.$0(OLS)http://semarc/subject/1898 650 4$aTesi di laurea.$0(OLS)http://semarc/subject/1690 850 $aSeMil 852 $aSeMil$W1$xVenegono$y1$m2I II 309$j21253$B21253$CSeMilBibl$Z2$F21255 $81 996 $6245$aLa Definición del Concilio de Trento sobre la Causalidad de los Sacramentos$9(OLS)http://semarc/title/85415